Southville International School and Colleges
Your cart is empty.
  • Cart
  • Lists
    Public lists Eva Luna New books Lux_list list_1
    Your lists Log in to create your own lists
  • Log in to your account
  • Your cookies
  • Search history
Southville International School and Colleges
  • Advanced search
  • Recent comments
  • Most popular
  • Libraries

Log in to your account

Log in with GOOGLE


If you do not have an external account, but do have a local account, you can still log in:

  1. Home
  2. MARC view: Nonfiction writing :
Normal view MARC view ISBD view

Nonfiction writing : (Record no. 7075)

[ view plain ]
MARC details
000 -LEADER
fixed length control field 01353cam a22003857a 4500
001 - CONTROL NUMBER
control field 13971549
003 - CONTROL NUMBER IDENTIFIER
control field OSt
005 - DATE AND TIME OF LATEST TRANSACTION
control field 20140310181923.0
008 - FIXED-LENGTH DATA ELEMENTS--GENERAL INFORMATION
fixed length control field 050517s2004 nyua b 001 0 eng d
010 ## - LIBRARY OF CONGRESS CONTROL NUMBER
LC control number 2005275818
020 ## - INTERNATIONAL STANDARD BOOK NUMBER
International Standard Book Number 0439513685 (pbk.)
035 ## - SYSTEM CONTROL NUMBER
System control number (OCoLC)ocm57479493
040 ## - CATALOGING SOURCE
Original cataloging agency ORX
Transcribing agency ORX
Modifying agency DLC
042 ## - AUTHENTICATION CODE
Authentication code lccopycat
043 ## - GEOGRAPHIC AREA CODE
Geographic area code n-us---
050 00 - LIBRARY OF CONGRESS CALL NUMBER
Classification number LB 1576
Item number .R631 2004
082 04 - DEWEY DECIMAL CLASSIFICATION NUMBER
Classification number TRE 372.62
Item number R631 2004
100 1# - MAIN ENTRY--PERSONAL NAME
Personal name Robb, Laura.
9 (RLIN) 1192
245 10 - TITLE STATEMENT
Title Nonfiction writing :
Remainder of title from the inside out /
Statement of responsibility, etc by Laura Robb ; [foreword by Michael O. Tunnell].
260 ## - PUBLICATION, DISTRIBUTION, ETC. (IMPRINT)
Place of publication, distribution, etc New York :
Name of publisher, distributor, etc Scholastic,
Date of publication, distribution, etc c2004.
300 ## - PHYSICAL DESCRIPTION
Extent 336 p. :
Other physical details ill. ;
Dimensions 24 cm.
440 #0 - SERIES STATEMENT/ADDED ENTRY--TITLE
Title Teaching resources
9 (RLIN) 1967
490 1# - SERIES STATEMENT
Series statement Theory and practice
500 ## - GENERAL NOTE
General note Includes bibliographical references (p. 307-314) and index
521 ## - TARGET AUDIENCE NOTE
Target audience note
541 ## - IMMEDIATE SOURCE OF ACQUISITION NOTE
-- 1
541 ## - IMMEDIATE SOURCE OF ACQUISITION NOTE
-- 2
562 ## - COPY AND VERSION IDENTIFICATION NOTE
Number of copies 2
650 #0 - SUBJECT ADDED ENTRY--TOPICAL TERM
Topical term or geographic name as entry element English language
General subdivision Composition and exercises
-- Study and teaching
Geographic subdivision United States.
9 (RLIN) 1968
650 #0 - SUBJECT ADDED ENTRY--TOPICAL TERM
Topical term or geographic name as entry element Report writing
General subdivision Study and teaching
Geographic subdivision United States.
9 (RLIN) 1969
830 #0 - SERIES ADDED ENTRY--UNIFORM TITLE
Uniform title Theory and practice (New York, N.Y.)
9 (RLIN) 1970
906 ## - LOCAL DATA ELEMENT F, LDF (RLIN)
a 7
b cbc
c copycat
d 2
e ncip
f 20
g y-gencatlg
942 ## - ADDED ENTRY ELEMENTS (KOHA)
Source of classification or shelving scheme Library of Congress Classification
Koha item type
Call number prefix
Holdings
Withdrawn status Lost status Source of classification or shelving scheme Damaged status Home library Current library Shelving location Date acquired Total Checkouts Full call number Barcode Date last seen Copy number Price effective from Koha item type
    Library of Congress Classification   Luxembourg Library Luxembourg Library Teachers Reference Section 07/19/2013   LB 1576 .R631 2004 19238 08/13/2013 1 10/03/2013 Books
    Library of Congress Classification   Luxembourg Library Luxembourg Library Teachers Reference Section 07/24/2013   LB 1576 .R631 2004 15171 08/13/2013 2 07/24/2013 Books

Nonfiction writing :

APA

Robb L., . (2004). Nonfiction writing. New York: Scholastic.

Chicago

Robb Laura, . 2004. Nonfiction writing. New York: Scholastic.

Harvard

Robb L., . (2004). Nonfiction writing. New York: Scholastic.

MLA

Robb Laura, . Nonfiction writing. New York: Scholastic. 2004.

  • Place hold
  • Print
  • Cite
  • Add to your cart (remove)
  • Save record
    BIBTEX Dublin Core MARCXML MARC (non-Unicode/MARC-8) MARC (Unicode/UTF-8) MARC (Unicode/UTF-8, Standard) MODS (XML) RIS
  • More searches
    Search for this title in:
    Other Libraries (WorldCat) Other Databases (Google Scholar) Online Stores (Bookfinder.com) Open Library (openlibrary.org)

Exporting to Dublin Core...

SOUTHVILLE LIBRARY

Southville International School and Colleges Library

1281 Tropical Ave. Cor. Luxembourg St., BF Homes International, Las Pinas City

Tel. No. 8256374 / 252358 Loc. 117/146

Powered by Koha